[Event "Reública Checa ch"]
[Site "Karlovy Vary CZE"]
[Date "2005.02.06"]
[Round "6.6"]
[White "Vokac, Marek"]
[Black "Lechtynsky, Jiri"]
[Result "0-1"]
[WhiteElo "2476"]
[BlackElo "2487"]
[PlyCount "212"]
[EventDate "2005.02.01"]
[EventType "tourn"]
[EventRounds "11"]
[EventCountry "CZE"]
[EventCategory "11"]
[Source "lmi"]
[SourceDate "2005.02.12"]

1. g3 d5 2. Bg2 Nf6 3. d3 g6 4. c4 dxc4 5. Qa4+ Bd7 6. Qxc4 Nc6 7. Nf3 Bg7 8.
O-O a6 9. Nc3 Rb8 10. Bd2 b5 11. Qb3 O-O 12. Rfc1 Bg4 13. Qd1 Bxf3 14. Bxf3 Nd4
15. Bg2 c5 16. Bf4 Rb6 17. e3 Nc6 18. e4 e6 19. Be3 Nd7 20. Rab1 Qe7 21. Ne2
Rd8 22. a3 Rbb8 23. b4 c4 24. dxc4 Nde5 25. Qb3 Nxc4 26. Rd1 Rxd1+ 27. Rxd1 Rd8
28. Bc5 Rxd1+ 29. Qxd1 Qd8 30. Qxd8+ Nxd8 31. e5 Bxe5 32. Be7 Bc7 33. Nc3 Nxa3
34. Ne4 f5 35. Nc5 Kf7 36. Bg5 a5 37. bxa5 Bxa5 38. Nd3 Nc4 39. h4 Bc7 40. Kf1
Kg7 41. Nc5 Kf7 42. Nd3 Ke8 43. Ke2 Bd6 44. Bf6 Kd7 45. Nb2 Be5 46. Bxd8 Nxb2
47. Ba5 Nc4 48. Be1 Bd6 49. Kd3 Ne5+ 50. Kd4 Nc6+ 51. Kd3 Bc5 52. f4 Kd6 53. h5
e5 54. fxe5+ Nxe5+ 55. Ke2 b4 56. hxg6 hxg6 57. Bb7 Nc6 58. Kd3 Ne5+ 59. Ke2
Ke6 60. Bd2 Ng4 61. Kd3 Ne5+ 62. Kc2 Bd6 63. Be1 b3+ 64. Kxb3 Nd3 65. Bc8+ Ke7
66. Ba5 Bxg3 67. Kc2 Nf2 68. Kd2 Ne4+ 69. Ke2 Bd6 70. Bd2 Kf6 71. Ba5 Ke5 72.
Kf3 g5 73. Kg2 Kf4 74. Be1 Be7 75. Ba5 g4 76. Bc7+ Kg5 77. Bb7 Nc5 78. Bc6 Ne6
79. Bb8 Nd4 80. Bd5 f4 81. Ba7 Nf5 82. Be4 f3+ 83. Kf2 Kf4 84. Bb7 Bh4+ 85. Kg1
Bf6 86. Kh2 Bd4 87. Bb8+ Be5 88. Ba7 Kg5+ 89. Kh1 Ng3+ 90. Kh2 Ne2+ 91. Kh1 Kf4
92. Bc8 Ng3+ 93. Kh2 Nf5 94. Kh1 Ng3+ 95. Kh2 Ne2 96. Kh1 Kg5 97. Bb7 Kh4 98.
Bf2+ Kh3 99. Bc6 Bd4 100. Bb5 Ng3+ 101. Bxg3 Kxg3 102. Bd7 Kf4 103. Bc6 Ke3
104. Kh2 Kf2 105. Kh1 Bf6 106. Bd5 g3 0-1

[Event "Reública Checa ch"]
[Site "Karlovy Vary CZE"]
[Date "2005.02.07"]
[Round "7.1"]
[White "Lechtynsky, Jiri"]
[Black "Jirovsky, Milos"]
[Result "1/2-1/2"]
[WhiteElo "2487"]
[BlackElo "2499"]
[PlyCount "22"]
[EventDate "2005.02.01"]
[EventType "tourn"]
[EventRounds "11"]
[EventCountry "CZE"]
[EventCategory "11"]
[Source "lmi"]
[SourceDate "2005.02.12"]

1. d4 d5 2. c4 e6 3. Nf3 Nf6 4. Nc3 c6 5. Bg5 Nbd7 6. e3 Qa5 7. Nd2 dxc4 8.
Bxf6 Nxf6 9. Nxc4 Qc7 10. g3 Bd7 11. Bg2 Be7 1/2-1/2

[Event "Reública Checa ch"]
[Site "Karlovy Vary CZE"]
[Date "2005.02.07"]
[Round "7.2"]
[White "Cvek, Robert"]
[Black "Vokac, Marek"]
[Result "1-0"]
[WhiteElo "2499"]
[BlackElo "2476"]
[PlyCount "99"]
[EventDate "2005.02.01"]
[EventType "tourn"]
[EventRounds "11"]
[EventCountry "CZE"]
[EventCategory "11"]
[Source "lmi"]
[SourceDate "2005.02.12"]

1. d4 d5 2. Nf3 c6 3. Bg5 Qb6 4. Qc1 h6 5. Bf4 Bf5 6. e3 e6 7. Be2 Nf6 8. O-O
Be7 9. c4 O-O 10. Nc3 Nbd7 11. Ne5 Nxe5 12. Bxe5 Rae8 13. a3 Ne4 14. Nxe4 Bxe4
15. Qc3 g5 16. b4 f6 17. Bg3 Bg6 18. Bd3 Bxd3 19. Qxd3 Kg7 20. c5 Qd8 21. b5 h5
22. h3 h4 23. Bh2 Rf7 24. bxc6 bxc6 25. Qa6 Qd7 26. Rab1 Bf8 27. f4 gxf4 28.
Rxf4 Kg8 29. Rxh4 e5 30. Rg4+ Bg7 31. Qd3 f5 32. Rg6 exd4 33. exd4 f4 34. Rg4
Qc7 35. Qg6 Kf8 36. Rf1 Re4 37. Kh1 Rxd4 38. h4 Re4 39. h5 Rf6 40. Qg5 Re5 41.
Qh4 Ref5 42. Rgxf4 Rxf4 43. Bxf4 Qf7 44. h6 Bh8 45. h7 Qg6 46. Re1 Kf7 47. Be5
Rf5 48. Bxh8 Rh5 49. Re7+ Kf8 50. Bg7+ 1-0

[Event "Reública Checa ch"]
[Site "Karlovy Vary CZE"]
[Date "2005.02.07"]
[Round "7.4"]
[White "Babula, Vlastimil"]
[Black "Haba, Petr"]
[Result "1-0"]
[WhiteElo "2566"]
[BlackElo "2525"]
[PlyCount "103"]
[EventDate "2005.02.01"]
[EventType "tourn"]
[EventRounds "11"]
[EventCountry "CZE"]
[EventCategory "11"]
[Source "lmi"]
[SourceDate "2005.02.12"]

1. d4 d5 2. c4 c6 3. Nf3 Nf6 4. Nc3 dxc4 5. a4 Bf5 6. Nh4 e6 7. Nxf5 exf5 8. e3
Bb4 9. Bxc4 O-O 10. Qc2 g6 11. O-O Nbd7 12. f3 Rc8 13. Kh1 c5 14. Ba2 Nb6 15.
dxc5 Rxc5 16. e4 fxe4 17. fxe4 Ng4 18. h3 Qh4 19. Bf4 Rh5 20. Rf3 Kg7 21. Raf1
Qe7 22. Bh2 Ne5 23. Bxe5+ Qxe5 24. Rxf7+ Rxf7 25. Rxf7+ Kh8 26. Nd5 Bd6 27. Nf4
Rf5 28. Rxf5 gxf5 29. Qb3 Qe8 30. Ne6 Be5 31. a5 Qc8 32. Qd1 Na4 33. exf5 Nxb2
34. Qd8+ Qxd8 35. Nxd8 Kg7 36. Nxb7 Nd1 37. Nd8 Kf6 38. g4 Ne3 39. Nc6 Bc7 40.
Kg1 h5 41. Kf2 hxg4 42. Kxe3 gxh3 43. Kf3 h2 44. Kg2 Kxf5 45. a6 Bb6 46. Kxh2
Kf6 47. Kg3 Kg7 48. Kf4 Kf8 49. Ke5 Bc5 50. Kd5 Bb6 51. Kd6 Ke8 52. Bb3 1-0

[Event "Reública Checa ch"]
[Site "Karlovy Vary CZE"]
[Date "2005.02.07"]
[Round "7.5"]
[White "Navara, David"]
[Black "Cifka, Stanislav"]
[Result "1-0"]
[WhiteElo "2644"]
[BlackElo "2292"]
[PlyCount "83"]
[EventDate "2005.02.01"]
[EventType "tourn"]
[EventRounds "11"]
[EventCountry "CZE"]
[EventCategory "11"]
[Source "lmi"]
[SourceDate "2005.02.12"]

1. e4 e6 2. d4 d5 3. Nd2 h6 4. c3 c5 5. exd5 Qxd5 6. Ngf3 Nc6 7. Bc4 Qd8 8. Nb3
cxd4 9. Nbxd4 Nxd4 10. Nxd4 a6 11. Bf4 Bd6 12. Nc6 bxc6 13. Qxd6 Qxd6 14. Bxd6
Bb7 15. O-O-O O-O-O 16. Be5 Nf6 17. b4 Rhg8 18. Rxd8+ Rxd8 19. f3 Kd7 20. Rd1+
Ke8 21. Rxd8+ Kxd8 22. Kc2 Ne8 23. Bg3 Kd7 24. Kb3 Nc7 25. Be5 g6 26. Bg7 h5
27. Ka4 Nd5 28. Ka5 f6 29. Bxd5 cxd5 30. Kb6 d4 31. cxd4 Bd5 32. a4 Bb3 33.
Kxa6 Bxa4 34. b5 Bb3 35. Bxf6 Bc4 36. g4 hxg4 37. fxg4 Be2 38. Be5 Kc8 39. h4
Bxg4 40. d5 exd5 41. b6 Kd8 42. Bf6+ 1-0

[Event "Reública Checa ch"]
[Site "Karlovy Vary CZE"]
[Date "2005.02.07"]
[Round "7.6"]
[White "Stocek, Jiri"]
[Black "Klima, Lukas"]
[Result "1-0"]
[WhiteElo "2586"]
[BlackElo "2484"]
[PlyCount "47"]
[EventDate "2005.02.01"]
[EventType "tourn"]
[EventRounds "11"]
[EventCountry "CZE"]
[EventCategory "11"]
[Source "lmi"]
[SourceDate "2005.02.12"]

1. d4 d5 2. c4 Nc6 3. cxd5 Qxd5 4. e3 e5 5. Nc3 Bb4 6. Bd2 Bxc3 7. bxc3 Nf6 8.
f3 O-O 9. e4 Qd6 10. Ne2 exd4 11. Bf4 Qa3 12. cxd4 Nb4 13. Ng3 Bd7 14. Kf2 Qb2+
15. Be2 Ba4 16. Qd2 Nc2 17. Nf5 Rfe8 18. Rab1 Qa3 19. Bg5 Re6 20. Rhc1 h6 21.
Bxf6 Rxf6 22. Bd1 Nxd4 23. Rc3 Qf8 24. Qxd4 1-0

[Event "Reública Checa ch"]
[Site "Karlovy Vary CZE"]
[Date "2005.02.08"]
[Round "8.1"]
[White "Jirovsky, Milos"]
[Black "Klima, Lukas"]
[Result "1/2-1/2"]
[WhiteElo "2499"]
[BlackElo "2484"]
[PlyCount "55"]
[EventDate "2005.02.01"]
[EventType "tourn"]
[EventRounds "11"]
[EventCountry "CZE"]
[EventCategory "11"]
[Source "lmi"]
[SourceDate "2005.02.12"]

1. Nf3 d5 2. d4 Nc6 3. Bf4 Bg4 4. e3 e6 5. c4 Bd6 6. Bg3 Nf6 7. cxd5 exd5 8.
Bb5 O-O 9. Bxc6 bxc6 10. Nbd2 c5 11. dxc5 Bxc5 12. Qc2 Bb6 13. Ne5 Bh5 14. Nc6
Qd7 15. O-O Rfe8 16. Rfc1 Bg6 17. Qc3 Ne4 18. Nxe4 Rxe4 19. Ne5 Qf5 20. Qc6 Rd8
21. Nxg6 hxg6 22. a4 Re6 23. Qc2 Qxc2 24. Rxc2 d4 25. a5 d3 26. Rd2 Bc5 27.
Rad1 Bb4 28. Rxd3 1/2-1/2

[Event "Reública Checa ch"]
[Site "Karlovy Vary CZE"]
[Date "2005.02.08"]
[Round "8.2"]
[White "Cifka, Stanislav"]
[Black "Stocek, Jiri"]
[Result "0-1"]
[WhiteElo "2292"]
[BlackElo "2586"]
[PlyCount "118"]
[EventDate "2005.02.01"]
[EventType "tourn"]
[EventRounds "11"]
[EventCountry "CZE"]
[EventCategory "11"]
[Source "lmi"]
[SourceDate "2005.02.12"]

1. d4 Nf6 2. c4 g6 3. Nc3 d5 4. Nf3 Bg7 5. Bg5 c5 6. e3 cxd4 7. exd4 O-O 8.
Bxf6 Bxf6 9. cxd5 a6 10. Be2 b5 11. Qb3 Nd7 12. O-O Rb8 13. Ne4 Bb7 14. Qa3 Bg7
15. d6 Re8 16. Qd3 Nb6 17. dxe7 Qxe7 18. Ng3 Rbd8 19. Rad1 h5 20. Qa3 Qxa3 21.
bxa3 Bf8 22. Rd3 Nc4 23. h4 Nxa3 24. Ne5 Nc2 25. Bf3 Bxf3 26. Nxf3 Nb4 27. Rd2
Nd5 28. Rc2 Rc8 29. Rfc1 Rxc2 30. Rxc2 a5 31. Re2 Rxe2 32. Nxe2 b4 33. Ne1 a4
34. Nd3 b3 35. axb3 a3 36. Ndc1 Bb4 37. Na2 Bd2 38. Kf1 Kf8 39. b4 Nxb4 40.
Nxb4 Bxb4 41. Nc1 Ke7 42. Ke2 Ke6 43. Kd3 Kd5 44. Na2 Ba5 45. Nc1 Be1 46. f3
Bxh4 47. Ne2 Bf6 48. Nc3+ Ke6 49. Ke4 h4 50. Na2 Be7 51. Nc3 f5+ 52. Kd3 Bb4
53. Na2 Ba5 54. Kc4 g5 55. d5+ Kd6 56. Kd4 g4 57. fxg4 fxg4 58. Ke3 Kxd5 59.
Kf4 h3 0-1

[Event "Reública Checa ch"]
[Site "Karlovy Vary CZE"]
[Date "2005.02.08"]
[Round "8.4"]
[White "Hracek, Zbynek"]
[Black "Babula, Vlastimil"]
[Result "1/2-1/2"]
[WhiteElo "2600"]
[BlackElo "2566"]
[PlyCount "45"]
[EventDate "2005.02.01"]
[EventType "tourn"]
[EventRounds "11"]
[EventCountry "CZE"]
[EventCategory "11"]
[Source "lmi"]
[SourceDate "2005.02.12"]

1. e4 c5 2. Nc3 d6 3. Nf3 Nf6 4. d4 cxd4 5. Nxd4 a6 6. Be3 e5 7. Nb3 Be6 8. f3
Be7 9. Qd2 O-O 10. O-O-O Nbd7 11. g4 b5 12. g5 b4 13. Ne2 Ne8 14. f4 a5 15. Kb1
a4 16. Nbc1 exf4 17. Bxf4 Nc5 18. Bg2 b3 19. cxb3 axb3 20. a3 d5 21. Nd4 Nd6
22. Bxd6 Qxd6 23. Nf5 1/2-1/2

[Event "Reública Checa ch"]
[Site "Karlovy Vary CZE"]
[Date "2005.02.08"]
[Round "8.6"]
[White "Lechtynsky, Jiri"]
[Black "Cvek, Robert"]
[Result "1/2-1/2"]
[WhiteElo "2487"]
[BlackElo "2499"]
[PlyCount "43"]
[EventDate "2005.02.01"]
[EventType "tourn"]
[EventRounds "11"]
[EventCountry "CZE"]
[EventCategory "11"]
[Source "lmi"]
[SourceDate "2005.02.12"]

1. d4 Nf6 2. c4 e6 3. Nf3 b6 4. e3 Bb7 5. Bd3 Be7 6. O-O O-O 7. Nc3 d5 8. b3 c5
9. Bb2 cxd4 10. exd4 Nc6 11. Rc1 Rc8 12. Re1 Re8 13. cxd5 Nxd5 14. Nxd5 exd5
15. Bf5 Rc7 16. Ne5 Nxe5 17. dxe5 Rxc1 18. Qxc1 Bc8 19. Bd3 Bc5 20. Qf4 Qe7 21.
Re2 Be6 22. h3 1/2-1/2

[Event "Reública Checa ch"]
[Site "Karlovy Vary CZE"]
[Date "2005.02.09"]
[Round "9.1"]
[White "Cvek, Robert"]
[Black "Jirovsky, Milos"]
[Result "1/2-1/2"]
[WhiteElo "2499"]
[BlackElo "2499"]
[PlyCount "57"]
[EventDate "2005.02.01"]
[EventType "tourn"]
[EventRounds "11"]
[EventCountry "CZE"]
[EventCategory "11"]
[Source "lmi"]
[SourceDate "2005.02.12"]

1. Nf3 c5 2. c4 g6 3. e4 Bg7 4. d4 cxd4 5. Nxd4 Nc6 6. Be3 Nf6 7. Nc3 O-O 8.
Be2 b6 9. O-O Bb7 10. f3 e6 11. Nxc6 Bxc6 12. Qd2 Ne8 13. Rac1 f5 14. b4 Qe7
15. c5 bxc5 16. Bxc5 d6 17. Bd4 Nf6 18. exf5 gxf5 19. Rfe1 Kh8 20. Bf2 Rad8 21.
Bd3 Nh5 22. Ne2 Bd5 23. Bc4 Bxc4 24. Rxc4 Rg8 25. Rh4 Qf7 26. Qg5 Nf6 27. Bd4
Rde8 28. Qd2 e5 29. Ba1 1/2-1/2

[Event "Reública Checa ch"]
[Site "Karlovy Vary CZE"]
[Date "2005.02.09"]
[Round "9.2"]
[White "Jansa, Vlastimil"]
[Black "Lechtynsky, Jiri"]
[Result "1/2-1/2"]
[WhiteElo "2515"]
[BlackElo "2487"]
[PlyCount "113"]
[EventDate "2005.02.01"]
[EventType "tourn"]
[EventRounds "11"]
[EventCountry "CZE"]
[EventCategory "11"]
[Source "lmi"]
[SourceDate "2005.02.12"]

1. e4 e5 2. Nf3 Nc6 3. Bb5 a6 4. Ba4 Nf6 5. O-O Be7 6. Re1 b5 7. Bb3 d6 8. c3
O-O 9. h3 Na5 10. Bc2 c5 11. d4 Qc7 12. Nbd2 cxd4 13. cxd4 Rd8 14. b3 Nc6 15.
Bb2 Bb7 16. Rc1 Qb6 17. Bb1 exd4 18. Nf1 d5 19. exd5 Nxd5 20. Nxd4 Nxd4 21.
Bxd4 Qh6 22. Ng3 Bf6 23. Nf5 Qg5 24. h4 Qf4 25. g3 Qb8 26. Qg4 Bxd4 27. Qxd4
Nf6 28. Qc3 Rd7 29. Rcd1 Qd8 30. Qc1 Rxd1 31. Rxd1 Qf8 32. Qc7 Rb8 33. Ne7+ Kh8
34. Nc6 Bxc6 35. Qxc6 Rd8 36. Rxd8 Qxd8 37. Kg2 Qd5+ 38. Qxd5 Nxd5 39. a3 g6
40. Kf3 f5 41. Bc2 Kg7 42. Ke2 Kf6 43. Kd3 Ke5 44. b4 h6 45. f4+ Kd6 46. Bb3
Nf6 47. Bf7 Ne4 48. Bxg6 Nxg3 49. Bf7 Ne4 50. Kd4 Ng3 51. Bb3 Ne2+ 52. Ke3 Nc3
53. Bc2 Nd5+ 54. Kd4 Ne7 55. h5 Nc6+ 56. Ke3 Ne7 57. Bb3 1/2-1/2

[Event "Reública Checa ch"]
[Site "Karlovy Vary CZE"]
[Date "2005.02.09"]
[Round "9.3"]
[White "Babula, Vlastimil"]
[Black "Vokac, Marek"]
[Result "1-0"]
[WhiteElo "2566"]
[BlackElo "2476"]
[PlyCount "101"]
[EventDate "2005.02.01"]
[EventType "tourn"]
[EventRounds "11"]
[EventCountry "CZE"]
[EventCategory "11"]
[Source "lmi"]
[SourceDate "2005.02.12"]

1. d4 Nf6 2. c4 g6 3. Nc3 Bg7 4. e4 d6 5. Nf3 O-O 6. Be2 e5 7. O-O Nc6 8. d5
Ne7 9. b4 Kh8 10. c5 Neg8 11. Nd2 Ne8 12. a4 f5 13. Ba3 Ngf6 14. b5 fxe4 15.
Ndxe4 Bf5 16. Ng3 e4 17. c6 bxc6 18. bxc6 h5 19. Rb1 h4 20. Nxf5 gxf5 21. Qd2
Nh7 22. f3 Qg5 23. Qxg5 Nxg5 24. Bc1 exf3 25. Bxg5 Bd4+ 26. Kh1 Rg8 27. Rxf3
Rxg5 28. Rb4 Be5 29. Rxh4+ Kg7 30. Rb4 Nf6 31. Rb7 Bxc3 32. Rxc3 Nxd5 33. Rd3
f4 34. Bf3 Re5 35. h4 Re1+ 36. Kh2 Ne3 37. Rxd6 Rc8 38. h5 Nf1+ 39. Kh3 Ne3 40.
Rg6+ Kh8 41. Kh4 Rc1 42. Rh6+ Kg7 43. Rg6+ Kh8 44. Rb5 Rf8 45. Re5 Rf7 46. Be4
Rh1+ 47. Kg5 Rf8 48. Re7 f3 49. Rh6+ Kg8 50. Bh7+ Kh8 51. Bf5+ 1-0

[Event "Reública Checa ch"]
[Site "Karlovy Vary CZE"]
[Date "2005.02.09"]
[Round "9.4"]
[White "Navara, David"]
[Black "Hracek, Zbynek"]
[Result "1/2-1/2"]
[WhiteElo "2644"]
[BlackElo "2600"]
[PlyCount "132"]
[EventDate "2005.02.01"]
[EventType "tourn"]
[EventRounds "11"]
[EventCountry "CZE"]
[EventCategory "11"]
[Source "lmi"]
[SourceDate "2005.02.12"]

1. d4 Nf6 2. c4 e6 3. Nf3 b6 4. a3 Bb7 5. Nc3 d5 6. cxd5 Nxd5 7. Qc2 Nxc3 8.
bxc3 Be7 9. e4 O-O 10. Bd3 c5 11. O-O Qc7 12. Qe2 Nd7 13. e5 Rfd8 14. h4 Nf8
15. h5 h6 16. Be3 Qc6 17. a4 Rac8 18. a5 cxd4 19. cxd4 Bb4 20. axb6 axb6 21.
Rab1 Ba5 22. Nh4 Qd7 23. Qg4 Kh8 24. Kh1 Rc3 25. Rbd1 Qd5 26. f4 Rxd3 27. Rxd3
Ba6 28. Rdd1 Bxf1 29. Rxf1 Qe4 30. Qf3 Qxf3 31. Nxf3 Rc8 32. f5 Rc3 33. fxe6
Nxe6 34. Bg1 Rd3 35. Nh4 Kg8 36. Nf5 Bc3 37. d5 Nc7 38. Ne7+ Kf8 39. d6 Ne6 40.
Bxb6 Ke8 41. Nc6 Kd7 42. Na5 f6 43. exf6 Bxf6 44. Nc4 Rc3 45. Nd2 Rc6 46. Be3
Rxd6 47. Ne4 Rd5 48. Nxf6+ gxf6 49. g4 Ke7 50. Bxh6 Rd4 51. Rg1 f5 52. Rf1 fxg4
53. Bc1 Rd3 54. h6 Rh3+ 55. Kg2 Ke8 56. Rf6 Ke7 57. Rg6 Kf7 58. Rxg4 Rh5 59.
Kg3 Kf6 60. Rb4 Rh1 61. Bb2+ Kg6 62. Rb6 Kf5 63. Bg7 Nxg7 64. Kg2 Rh4 65. Kg3
Rh1 66. hxg7 Ke5 1/2-1/2

[Event "Reública Checa ch"]
[Site "Karlovy Vary CZE"]
[Date "2005.02.09"]
[Round "9.6"]
[White "Klima, Lukas"]
[Black "Cifka, Stanislav"]
[Result "1-0"]
[WhiteElo "2484"]
[BlackElo "2292"]
[PlyCount "119"]
[EventDate "2005.02.01"]
[EventType "tourn"]
[EventRounds "11"]
[EventCountry "CZE"]
[EventCategory "11"]
[Source "lmi"]
[SourceDate "2005.02.12"]

1. e4 e6 2. d4 d5 3. exd5 exd5 4. c4 Nf6 5. Nc3 Be7 6. Bd3 dxc4 7. Bxc4 Nbd7 8.
Nge2 Nb6 9. Bb3 c6 10. O-O O-O 11. Re1 Re8 12. Ng3 Nbd5 13. Qf3 Bg4 14. Qd3 Be6
15. Bg5 Nb4 16. Qd1 Bxb3 17. Qxb3 Nfd5 18. Bd2 Qd7 19. Rad1 Nf6 20. Nce4 Nxe4
21. Rxe4 Nd5 22. Rde1 Nf6 23. R4e2 Bf8 24. Ne4 Nxe4 25. Rxe4 Rxe4 26. Rxe4 Re8
27. Rxe8 Qxe8 28. Be3 b6 29. h3 Qe4 30. a4 Bd6 31. Kf1 h5 32. Qc4 Kh7 33. b3
Kg6 34. Bd2 Qb1+ 35. Ke2 Qe4+ 36. Kf1 Qd5 37. f3 Kf5 38. g4+ hxg4 39. Qxd5+
cxd5 40. hxg4+ Kg6 41. b4 b5 42. axb5 Kf6 43. Ke2 Ke6 44. Kd3 Bc7 45. Kc3 Bb6
46. Bf4 g6 47. Kd3 Kf6 48. Bd6 Ke6 49. Bc5 f5 50. gxf5+ Kxf5 51. Ke3 g5 52. Kf2
g4 53. fxg4+ Kxg4 54. Kg2 Kf4 55. Kh3 Kf3 56. Kh4 Ke4 57. Kg4 Kd3 58. Kf5 Kc4
59. Bxb6 axb6 60. Ke5 1-0

[Event "Reública Checa ch"]
[Site "Karlovy Vary CZE"]
[Date "2005.02.10"]
[Round "10.1"]
[White "Jirovsky, Milos"]
[Black "Cifka, Stanislav"]
[Result "1/2-1/2"]
[WhiteElo "2499"]
[BlackElo "2292"]
[PlyCount "55"]
[EventDate "2005.02.01"]
[EventType "tourn"]
[EventRounds "11"]
[EventCountry "CZE"]
[EventCategory "11"]
[Source "lmi"]
[SourceDate "2005.02.12"]

1. c4 Nf6 2. Nf3 b6 3. g3 e6 4. Bg2 Bb7 5. O-O Be7 6. Nc3 O-O 7. d4 Ne4 8. Bd2
Bf6 9. Rc1 c5 10. d5 Nxd2 11. Qxd2 exd5 12. Nxd5 Bxd5 13. Qxd5 Nc6 14. Qd2 Qc7
15. Rfd1 Rfd8 16. b3 a5 17. a4 Ra7 18. e3 d6 19. Ne1 Nb4 20. Qe2 Be7 21. h4 Bf8
22. Bd5 Qe7 23. Qg4 Qf6 24. Ng2 Na2 25. Rc2 Nb4 26. Rcc1 Na2 27. Rc2 Nb4 28.
Rcc1 1/2-1/2

[Event "Reública Checa ch"]
[Site "Karlovy Vary CZE"]
[Date "2005.02.10"]
[Round "10.3"]
[White "Hracek, Zbynek"]
[Black "Stocek, Jiri"]
[Result "1/2-1/2"]
[WhiteElo "2600"]
[BlackElo "2586"]
[PlyCount "45"]
[EventDate "2005.02.01"]
[EventType "tourn"]
[EventRounds "11"]
[EventCountry "CZE"]
[EventCategory "11"]
[Source "lmi"]
[SourceDate "2005.02.12"]

1. e4 e5 2. Nf3 Nc6 3. Bb5 a6 4. Ba4 Nf6 5. O-O Be7 6. Re1 d6 7. c3 Bg4 8. d3
O-O 9. Nbd2 Nd7 10. h3 Bh5 11. Bc2 Nc5 12. g4 Bg6 13. d4 Nd7 14. Nf1 exd4 15.
Nxd4 Nxd4 16. cxd4 d5 17. e5 Bxc2 18. Qxc2 c5 19. Ne3 cxd4 20. Nxd5 Nc5 21.
Nxe7+ Qxe7 22. Bd2 a5 23. b4 1/2-1/2

[Event "Reública Checa ch"]
[Site "Karlovy Vary CZE"]
[Date "2005.02.10"]
[Round "10.4"]
[White "Vokac, Marek"]
[Black "Navara, David"]
[Result "0-1"]
[WhiteElo "2476"]
[BlackElo "2644"]
[PlyCount "110"]
[EventDate "2005.02.01"]
[EventType "tourn"]
[EventRounds "11"]
[EventCountry "CZE"]
[EventCategory "11"]
[Source "lmi"]
[SourceDate "2005.02.12"]

1. e4 c5 2. Nf3 e6 3. d4 cxd4 4. Nxd4 Nf6 5. Nc3 d6 6. f4 Nc6 7. Nf3 Be7 8. Bd3
O-O 9. O-O b5 10. Qe1 Nb4 11. a3 Nxd3 12. cxd3 Bb7 13. Kh1 a6 14. Bd2 Nd7 15.
b4 Rc8 16. Ne2 Nb8 17. Bc3 d5 18. e5 d4 19. Nexd4 Nc6 20. Bb2 Nxd4 21. Nxd4 Qd5
22. Qe2 f5 23. Rac1 Rxc1 24. Rxc1 Bd8 25. Rc5 Qa2 26. Bc1 Qxe2 27. Nxe2 Bb6 28.
Rc3 Rd8 29. h3 h6 30. Kh2 Kf7 31. Kg3 Rd7 32. d4 Bd5 33. Be3 a5 34. bxa5 Bxa5
35. Rc1 Bc4 36. Kf2 Bb6 37. d5 Bxe3+ 38. Kxe3 Bxd5 39. g4 Ra7 40. Rc3 g5 41.
gxf5 exf5 42. Nd4 Ra4 43. fxg5 f4+ 44. Kd3 hxg5 45. Rc7+ Kg6 46. Nxb5 f3 47.
Ke3 Re4+ 48. Kf2 Re2+ 49. Kf1 Rb2 50. Rc5 Be4 51. Rc3 Rxb5 52. e6 Re5 53. Kf2
Rxe6 54. Re3 Kf5 55. Kg3 Rb6 0-1

[Event "Reública Checa ch"]
[Site "Karlovy Vary CZE"]
[Date "2005.02.10"]
[Round "10.5"]
[White "Lechtynsky, Jiri"]
[Black "Babula, Vlastimil"]
[Result "1/2-1/2"]
[WhiteElo "2487"]
[BlackElo "2566"]
[PlyCount "31"]
[EventDate "2005.02.01"]
[EventType "tourn"]
[EventRounds "11"]
[EventCountry "CZE"]
[EventCategory "11"]
[Source "lmi"]
[SourceDate "2005.02.12"]

1. d4 Nf6 2. Nf3 e6 3. c4 b6 4. e3 Bb7 5. Bd3 d5 6. O-O Bd6 7. Nc3 O-O 8. b3
Nbd7 9. Bb2 a6 10. cxd5 exd5 11. Rc1 Ne4 12. Ne2 Qe7 13. Qc2 Rac8 14. Ng3 f5
15. Qe2 Ra8 16. Qc2 1/2-1/2

[Event "Reública Checa ch"]
[Site "Karlovy Vary CZE"]
[Date "2005.02.10"]
[Round "10.6"]
[White "Cvek, Robert"]
[Black "Jansa, Vlastimil"]
[Result "1/2-1/2"]
[WhiteElo "2499"]
[BlackElo "2515"]
[PlyCount "37"]
[EventDate "2005.02.01"]
[EventType "tourn"]
[EventRounds "11"]
[EventCountry "CZE"]
[EventCategory "11"]
[Source "lmi"]
[SourceDate "2005.02.12"]

1. Nf3 c5 2. c4 g6 3. e4 Nc6 4. d4 cxd4 5. Nxd4 Nf6 6. Nc3 d6 7. Be2 Bg7 8. Be3
O-O 9. O-O Bd7 10. Qd2 a5 11. b3 Nxd4 12. Bxd4 Bc6 13. f3 Nd7 14. Be3 Nc5 15.
Rab1 Qb6 16. Rfc1 Rfc8 17. Rc2 Qd8 18. Bf1 Qf8 19. a3 1/2-1/2

[Event "Reública Checa ch"]
[Site "Karlovy Vary CZE"]
[Date "2005.02.11"]
[Round "11.1"]
[White "Jansa, Vlastimil"]
[Black "Jirovsky, Milos"]
[Result "1/2-1/2"]
[WhiteElo "2515"]
[BlackElo "2499"]
[PlyCount "36"]
[EventDate "2005.02.01"]
[EventType "tourn"]
[EventRounds "11"]
[EventCountry "CZE"]
[EventCategory "11"]
[Source "lmi"]
[SourceDate "2005.02.12"]

1. e4 c5 2. Nf3 d6 3. d4 cxd4 4. Nxd4 Nf6 5. Nc3 g6 6. Bc4 Bg7 7. O-O Nc6 8.
Re1 O-O 9. Bb3 Bg4 10. Qd3 Nxd4 11. Qxd4 Nd7 12. Qd3 Nc5 13. Qg3 Be6 14. Qh4
Re8 15. Bh6 Bh8 16. Rad1 Rc8 17. e5 Nxb3 18. axb3 Rc5 1/2-1/2

[Event "Reública Checa ch"]
[Site "Karlovy Vary CZE"]
[Date "2005.02.11"]
[Round "11.2"]
[White "Babula, Vlastimil"]
[Black "Cvek, Robert"]
[Result "1/2-1/2"]
[WhiteElo "2566"]
[BlackElo "2499"]
[PlyCount "44"]
[EventDate "2005.02.01"]
[EventType "tourn"]
[EventRounds "11"]
[EventCountry "CZE"]
[EventCategory "11"]
[Source "lmi"]
[SourceDate "2005.02.12"]

1. d4 Nf6 2. c4 e6 3. Nf3 Bb4+ 4. Bd2 Qe7 5. g3 Nc6 6. Nc3 Bxc3 7. Bxc3 Ne4 8.
Rc1 O-O 9. Bg2 d6 10. d5 Nxc3 11. Rxc3 Nb8 12. dxe6 fxe6 13. O-O Nd7 14. b4 Nf6
15. Qc2 Bd7 16. Nd2 c6 17. e4 e5 18. Rd1 Bg4 19. Re1 a5 20. a3 axb4 21. axb4
Be6 22. Nf1 Qc7 1/2-1/2

[Event "Reública Checa ch"]
[Site "Karlovy Vary CZE"]
[Date "2005.02.11"]
[Round "11.3"]
[White "Navara, David"]
[Black "Lechtynsky, Jiri"]
[Result "1-0"]
[WhiteElo "2644"]
[BlackElo "2487"]
[PlyCount "81"]
[EventDate "2005.02.01"]
[EventType "tourn"]
[EventRounds "11"]
[EventCountry "CZE"]
[EventCategory "11"]
[Source "lmi"]
[SourceDate "2005.02.12"]

1. e4 c6 2. d4 d5 3. Nd2 dxe4 4. Nxe4 Nf6 5. Nxf6+ exf6 6. c3 Bd6 7. Bd3 O-O 8.
Ne2 Re8 9. Qc2 h6 10. O-O Nd7 11. Bf4 Nf8 12. Bxd6 Qxd6 13. Ng3 g6 14. Ne4 Qd8
15. Rfe1 Kg7 16. b4 Nh7 17. a4 f5 18. Nd2 Rxe1+ 19. Rxe1 Be6 20. Bc4 Bd5 21.
Bb3 Nf6 22. c4 Be6 23. Nf3 Ne4 24. d5 cxd5 25. cxd5 Bd7 26. Ne5 Rc8 27. Qb2 Qf6
28. Qd4 b6 29. f3 Nd6 30. a5 f4 31. axb6 axb6 32. Qxb6 Re8 33. Qd4 Bb5 34. Kh1
Kg8 35. Bc2 Nc4 36. Bd3 Ne3 37. Bxb5 Rxe5 38. d6 Qh4 39. Rc1 Kh7 40. Qxe5 Qf2
41. Rg1 1-0